01217cam a2200325 i 450000100090000000300090000900500170001800800410003502000180007603500130009404000380010708200240014510000280016924501320019726400380032926400100036730000450037733600260042233700280044833800270047650400510050365000340055465000490058865000300063765300190066765500170068694200120070399900170071595201590073213929847EG-ScBUE20260405120828.0050414t2021 nyua f b 001 0 eng d a9781506265605 a13929847 aDLCbengerdacDLCdDLCdEG-ScBUE04a746.920681222bGEH1 aGehlhar, Mary,eauthor.14aThe fashion designer survival guide :bstart and run your own fashion business /cMary Gehlhar ; foreword by Christian Siriano. 1aNew York :bKaplan, Inc.,c[2021] 4cc2021 axiv, 265 pages :billustrations ;c28 cm atextbtxt2rdacontent aunmediatedbn2rdamedia avolumebnc2rdacarrier aIncludes bibliographical references and index. 7aFashion merchandising.2BUEsh 7aNew business enterprisesxManagement.2BUEsh 7aFashion designers.2BUEsh cApril2026bART vReading book 2ddccBB c31161d31132 00102ddc40708BaccahaMAINbMAINc2NDd2026-04-05ePurchaseg2584.00h40179l0o746.920681 GEHp000057571r2026-04-05 00:00:00v3230.00w2026-04-05yBB